Fr. Conceicao Rodrigues College of Engineering

World of Kaizen (Record no. 30483)

MARC details
000 -LEADER
fixed length control field 00325nam a2200157Ia 4500
082 ## - DEWEY DECIMAL CLASSIFICATION NUMBER
Classification number 658.562
Item number TAL
100 ## - MAIN ENTRY--PERSONAL NAME
Personal name Shyam/ Talawadekar
250 ## - EDITION STATEMENT
Edition statement 2
245 ## - TITLE STATEMENT
Title World of Kaizen
260 ## - PUBLICATION, DISTRIBUTION, ETC.
Name of publisher, distributor, etc. Quality Mgt Systems
Place of publication, distribution, etc. Mumbai
Date of publication, distribution, etc. 1996
300 ## - PHYSICAL DESCRIPTION
Extent 313
546 ## - LANGUAGE NOTE
Language note ENGLISH
654 ## - SUBJECT ADDED ENTRY--FACETED TOPICAL TERMS
Focus term world
942 ## - ADDED ENTRY ELEMENTS (KOHA)
Koha item type BOOK
Holdings
Withdrawn status Lost status Damaged status Not for loan Collection Home library Current library Date acquired Total Checkouts Full call number Barcode Date last seen Price effective from Koha item type
        CRC Fr. Agnel's C.Rodrigues College of Engineering Fr. Agnel's C.Rodrigues College of Engineering 17/03/2023   658.562 TAL 9502 17/03/2023 17/03/2023 BOOK
        CRC Fr. Agnel's C.Rodrigues College of Engineering Fr. Agnel's C.Rodrigues College of Engineering 17/03/2023   658.562 TAL 9503 17/03/2023 17/03/2023 BOOK